| Поле | Инд. | ПП | Название | Значение |
|---|---|---|---|---|
| Тип записи | a | |||
| Библиографический уровень | m | |||
| 001 | Контрольный номер | RU/LIBMSTU/264532623 | ||
| 005 | Дата корректировки | 20250422114705.5 | ||
| 020 | 00 | a | ISBN | 5-85438-081-1 |
| c | Цена, тираж | 92-40 | ||
| 084 | a | Индекс другой классификации/Индекс ББК | 67.401.11 | |
| 090 | 00 | a | Полочн. индекс | 67.401 |
| x | Авторский знак | С 53 | ||
| 100 | 10 | a | Автор | Снытников А. А. |
| 245 | 00 | a | Заглавие | Лицензирование и сертификация в области защиты информации |
| 260 | 00 | a | Место издания | Москва |
| b | Издательство | Гелиос АРВ | ||
| c | Дата издания | 2003 | ||
| 300 | 00 | a | Объем | 192 с. |
| 650 | _4 | a | Основная рубрика | Лицензирование; Сертификация |
| 653 | 00 | a | Ключевые слова | Информационная безопасность |
| a | Ключевые слова | Лицензирование | ||
| a | Ключевые слова | Нормативные акты | ||
| a | Ключевые слова | Серитификация | ||
| 901 | t | Тип документа | m | |
| 990 | 00 | f | Даты поступлений (DOS) | 10.04 |